Wird geladen...

Mathematics for Economists

Bibliographische Detailangaben
1. Verfasser: Simon, Carl P
Weitere Verfasser: Blume, Lawrence
Format: Printed Book
Sprache:Undetermined
Veröffentlicht: NewDelhi : Viva Books Pvt. Ltd., 2009
Schlagworte:
LEADER 00514nam a2200157Ia 4500
008 200324s9999 xx 000 0 und d
082 |a 330.015  |b SIM-M 
100 |a Simon, Carl P 
245 0 |a Mathematics for Economists 
260 |a NewDelhi :  |b Viva Books Pvt. Ltd.,  |c 2009 
300 |a 930p. 
650 |a Linear Algebra 
700 |a Blume, Lawrence 
942 |c BK 
999 |c 282058  |d 282058 
952 |0 0  |1 0  |4 0  |6 330_015000000000000_SIMM  |7 0  |9 300602  |a SDE  |b SDE  |d 2010-10-11  |l 0  |o 330.015 SIM-M  |p SDE17726  |r 2020-03-27  |w 2020-03-27  |y BK